| 000 | 00439nam a22001697a 4500 | ||
|---|---|---|---|
| 020 | _a9788119443390 | ||
| 082 |
_aM 305.8 _bARU/M |
||
| 100 | _aAruna J. | ||
| 245 |
_aMalappandara samudayam: _bbhasha, samskaram, adhikaram/ _cby Aruna J. |
||
| 250 | _a2nd ed. | ||
| 260 |
_aKozhikode: _bPavanatma Publishers, _c2025. |
||
| 300 | _a270p. | ||
| 650 | _aMalappandara Caste | ||
| 650 | _aRacism | ||
| 650 | _aSocial Sciences | ||
| 942 | _cBK | ||
| 999 |
_c182062 _d182062 |
||